[Event "Werther Schloss op 27th"]
[Site "Werther"]
[Date "2024.03.23"]
[Round "4"]
[White "Schroeder, Lennart"]
[Black "Langheinrich, Ferenc"]
[Result "0-1"]
[WhiteElo "2093"]
[BlackElo "2338"]
[PlyCount "66"]
[EventDate "2024.03.21"]
[EventType "swiss"]
[EventRounds "7"]
[EventCountry "GER"]
[SourceTitle "CBM 219 Extra"]
[Source "ChessBase"]
[SourceDate "2024.05.31"]
[SourceVersion "1"]
[SourceVersionDate "2024.05.31"]
[SourceQuality "1"]

1. Nf3 g6 2. g3 Bg7 3. Bg2 e5 4. e4 Nc6 5. 0-0 Nge7 6. c3 d5 7. exd5 Nxd5 8. d4 exd4 9. Nxd4 Nxd4 10. cxd4 0-0 11. Qb3 Be6 12. Qxb7 Bxd4 13. a3 Qd6 14. Qb5 Rab8 15. Qa4 Bxb2 16. Bxb2 Rxb2 17. Qd4 Qb6 18. Qxb6 axb6 19. Rd1 c6 20. Rd2 Rxd2 21. Nxd2 Ne7 22. Kf1 Rd8 23. Ke2 Nf5 24. Rc1 Nd4+ 25. Ke3 c5 26. a4 Kg7 27. a5 bxa5 28. Rxc5 a4 29. Nb1 Nf5+ 30. Ke2 Rb8 31. Be4 Rb2+ 32. Ke1 Nd4 33. Ra5 Re2+ 0-1

[Event "Oberliga Ost-A 2324"]
[Site "Germany"]
[Date "2024.02.24"]
[Round "6.2"]
[White "Langheinrich, Ferenc"]
[Black "Fuchs, Florian"]
[Result "1/2-1/2"]
[WhiteElo "2346"]
[BlackElo "2307"]
[PlyCount "106"]
[EventDate "2023.10.22"]
[EventType "team-tourn"]
[EventRounds "11"]
[EventCountry "GER"]
[SourceTitle "EXT 2025"]
[Source "ChessBase"]
[SourceDate "2024.10.14"]
[SourceVersion "1"]
[SourceVersionDate "2024.10.14"]
[SourceQuality "1"]
[WhiteTeam "Erfurt Empor"]
[BlackTeam "Reichenbrand Eiche"]
[WhiteTeamCountry "GER"]
[BlackTeamCountry "GER"]

1. d4 g6 2. e4 Bg7 3. Nc3 a6 4. h4 h5 5. Nh3 b5 6. Ng5 Bb7 7. f3 d6 8. a4 c6 9. Be3 Nd7 10. Qd2 Ngf6 11. Be2 0-0 12. 0-0 Qc7 13. f4 b4 14. Nd1 c5 15. d5 Nh7 16. c4 bxc3 17. Nxc3 Rab8 18. Nxh7 Kxh7 19. e5 dxe5 20. f5 Nf6 21. fxg6+ fxg6 22. Rad1 Bc8 23. Qc2 Rb4 24. Bd3 Rxh4 25. Bxg6+ Kh8 26. Ne4 Nxe4 27. Rxf8+ Bxf8 28. Bxe4 Bg7 29. Bf2 Rf4 30. g3 Rg4 31. Kg2 Bd7 32. Bf3 Rxa4 33. Rh1 h4 34. g4 e4 35. Rxh4+ Kg8 36. Bxe4 Qe5 37. Bf3 Qxb2 38. Qxb2 Bxb2 39. Bxc5 Bf6 40. Rh1 Bxg4 41. d6 exd6 42. Bxd6 Be6 43. Re1 Bf7 44. Re4 Ra2+ 45. Kg3 Rd2 46. Be5 Bxe5+ 47. Rxe5 Kg7 48. Rc5 Rd6 49. Be2 Re6 50. Kf2 Rf6+ 51. Ke3 Be8 52. Ra5 Re6+ 53. Kd2 Rd6+ 1/2-1/2

[Event "Oberliga Ost-A 2324"]
[Site "Germany"]
[Date "2024.01.14"]
[Round "5.3"]
[White "Langheinrich, Ferenc"]
[Black "Kitze, Alexander"]
[Result "0-1"]
[WhiteElo "2347"]
[BlackElo "2299"]
[PlyCount "70"]
[EventDate "2023.10.22"]
[EventType "team-tourn"]
[EventRounds "11"]
[EventCountry "GER"]
[SourceTitle "EXT 2025"]
[Source "ChessBase"]
[SourceDate "2024.10.14"]
[SourceVersion "1"]
[SourceVersionDate "2024.10.14"]
[SourceQuality "1"]
[WhiteTeam "Erfurt Empor"]
[BlackTeam "Dresden Gruen Weiss"]
[WhiteTeamCountry "GER"]
[BlackTeamCountry "GER"]

1. e4 c5 2. Nf3 d6 3. Bb5+ Bd7 4. Bxd7+ Qxd7 5. 0-0 Nc6 6. c3 Nf6 7. Qe2 e6 8. d4 cxd4 9. cxd4 d5 10. e5 Ne4 11. Nbd2 Nxd2 12. Bxd2 Be7 13. Rac1 0-0 14. h4 Rfc8 15. h5 Rc7 16. h6 g6 17. Rc3 Rac8 18. Rfc1 a6 19. Qe3 Na7 20. Rxc7 Rxc7 21. Rxc7 Qxc7 22. Qc3 Qxc3 23. Bxc3 f6 24. exf6 Bxf6 25. Bd2 Nc6 26. Bc3 Kf7 27. g4 g5 28. Kf1 Kg6 29. Ke2 Kxh6 30. Ke3 Kg6 31. Ne1 h5 32. gxh5+ Kxh5 33. Nd3 Be7 34. b4 Kg6 35. a4 b5 0-1

[Event "Oberliga Ost-A 2324"]
[Site "Germany"]
[Date "2024.01.13"]
[Round "4.3"]
[White "Boehm, Robert"]
[Black "Langheinrich, Ferenc"]
[Result "1/2-1/2"]
[WhiteElo "2143"]
[BlackElo "2347"]
[PlyCount "101"]
[EventDate "2023.10.22"]
[EventType "team-tourn"]
[EventRounds "11"]
[EventCountry "GER"]
[SourceTitle "EXT 2025"]
[Source "ChessBase"]
[SourceDate "2024.10.14"]
[SourceVersion "1"]
[SourceVersionDate "2024.10.14"]
[SourceQuality "1"]
[WhiteTeam "Hoyerswerda"]
[BlackTeam "Erfurt Empor"]
[WhiteTeamCountry "GER"]
[BlackTeamCountry "GER"]

1. d4 Nf6 2. Nf3 g6 3. c4 Bg7 4. Nc3 0-0 5. e4 d6 6. Be2 c6 7. 0-0 a6 8. a4 a5 9. h3 Na6 10. Be3 Nb4 11. Qd2 e5 12. Rad1 exd4 13. Nxd4 Re8 14. Bf3 Nd7 15. Nc2 Qe7 16. Bg5 Bf6 17. Bxf6 Qxf6 18. Ne3 Nc5 19. Qxd6 Qxd6 20. Rxd6 Nbd3 21. b3 Nb4 22. Rb1 Be6 23. Bg4 Bxg4 24. Nxg4 Kg7 25. f3 Red8 26. Rbd1 Rxd6 27. Rxd6 Nxb3 28. e5 Nc5 29. f4 Kf8 30. Nf6 Ke7 31. Nxh7 Nbd3 32. g3 Nb2 33. Nf6 Rd8 34. Rxd8 Kxd8 35. h4 Ke7 36. Kf2 Nbxa4 37. Nxa4 Nxa4 38. Ke3 Nc5 39. Kd4 a4 40. Kc3 a3 41. Kc2 Ke6 42. Kb1 b5 43. cxb5 cxb5 44. Ka2 b4 45. Ne8 Ne4 46. g4 Nf2 47. Nc7+ Kd7 48. h5 Nxg4 49. hxg6 fxg6 50. Nd5 Ke6 51. Nxb4 1/2-1/2

[Event "EU-ch Blitz"]
[Site "Zagreb"]
[Date "2023.12.16"]
[Round "13"]
[White "Alexakis, Dimitris"]
[Black "Langheinrich, Ferenc"]
[Result "1/2-1/2"]
[WhiteElo "2462"]
[BlackElo "2352"]
[PlyCount "81"]
[EventDate "2023.12.16"]
[EventType "swiss (blitz)"]
[EventRounds "13"]
[EventCountry "CRO"]
[SourceTitle "CBM 217 Extra"]
[Source "ChessBase"]
[SourceDate "2024.01.31"]
[SourceVersion "1"]
[SourceVersionDate "2024.01.31"]
[SourceQuality "1"]

1. e4 c6 2. d4 d5 3. exd5 cxd5 4. Bd3 Nc6 5. c3 Nf6 6. h3 g6 7. Nf3 Bg7 8. 0-0 0-0 9. Bf4 Ne4 10. Nbd2 f5 11. Bh2 e6 12. Bb5 Bd7 13. Bxc6 Bxc6 14. Re1 f4 15. Ne5 Bxe5 16. dxe5 Qb6 17. Nxe4 dxe4 18. Qg4 e3 19. fxe3 fxe3 20. Bf4 Qxb2 21. Bxe3 Rf5 22. Kh2 Raf8 23. Bh6 Rf2 24. Rg1 R8f5 25. Rad1 Bf3 26. Rd8+ Kf7 27. Qg3 Bc6 28. Rf8+ Ke7 29. Rxf5 exf5 30. e6 Kxe6 31. Be3 Re2 32. Bc5 Qd2 33. Bd4 Be4 34. Qe5+ Kd7 35. Qb5+ Ke6 36. Qe8+ Kd5 37. Qb5+ Ke6 38. Qe8+ Kd5 39. Qb5+ Ke6 40. Qe8+ Kd5 41. Qb5+ 1/2-1/2

[Event "EU-ch Rapid"]
[Site "Zagreb"]
[Date "2023.12.14"]
[Round "6"]
[White "Langheinrich, Ferenc"]
[Black "Nguyen, Thai Dai Van"]
[Result "0-1"]
[WhiteElo "2352"]
[BlackElo "2632"]
[PlyCount "98"]
[EventDate "2023.12.14"]
[EventType "swiss (rapid)"]
[EventRounds "11"]
[EventCountry "CRO"]
[SourceTitle "CBM 217 Extra"]
[Source "ChessBase"]
[SourceDate "2024.01.31"]
[SourceVersion "1"]
[SourceVersionDate "2024.01.31"]
[SourceQuality "1"]

1. e4 c5 2. Nf3 Nc6 3. Bb5 g6 4. 0-0 Bg7 5. c3 Nf6 6. e5 Nd5 7. d4 cxd4 8. cxd4 0-0 9. Nc3 Nc7 10. Be2 d6 11. e6 fxe6 12. Be3 d5 13. Qd2 Qd6 14. Rad1 Bd7 15. g3 Rad8 16. Bf4 Rxf4 17. Qxf4 Qxf4 18. gxf4 Rf8 19. Ne5 Be8 20. Nb5 Nxb5 21. Bxb5 Nxe5 22. Bxe8 Nf3+ 23. Kg2 Rxf4 24. Rd3 Nh4+ 25. Kh1 Bxd4 26. f3 Kf8 27. Bd7 Kf7 28. b4 Nf5 29. Re1 e5 30. Bxf5 gxf5 31. a4 Ke6 32. a5 Kd6 33. b5 Bc5 34. Red1 e6 35. Rb3 Ra4 36. a6 bxa6 37. bxa6 Bb6 38. Kg2 Rxa6 39. Rb2 Ra3 40. h4 e4 41. fxe4 fxe4 42. h5 Rf3 43. Re2 Ke5 44. Rf1 Rf5 45. Rh1 Rg5+ 46. Kf1 d4 47. Rg2 Rf5+ 48. Ke1 d3 49. Kd2 Ba5+ 0-1